Представление документа в формате RUSMARC

ПолеНазваниеЗначение
  Тип записи a
  Библиографический уровень m
001 Контрольный номер RU/SLIB/B/208754550
005 Дата корректировки 20201206204147.1
010 Индекс ISBN __
d Цена 0-50
101 Язык документа __
a Язык текста rus
200 Заглавие и сведения об ответственности __
a Заглавие Л. В. Сойфертис
b Общее обозначение материала Текст
210 Выходные данные __
a Место издания М.
c Издательство Совет. художник
d Дата издания 1981
215 Физическое описание __
a Объем 127 с.
c Иллюстрации/тип воспроизводства ил.
225 Серия __
a Серия Мастера советской карикатуры
600 Персоналии __
a Персоналии (Фамилия) Сойфертис, Л. В.
c Дополнение к имени художник
f Даты 1911-1996
g Полное имя Леонид Владимирович
606 Тематические рубрики __
a Основная рубрика Изобразительное искусство и архитектура
y Географическая подрубрика Россия
y Географическая подрубрика СССР
606 Тематические рубрики __
a Основная рубрика История графики
610 Ключевые слова __
a Ключевые слова еврейское искусство
a Ключевые слова карикатуры
a Ключевые слова художники-графики; творчество; биографии; советская графика; графическое искусство
686 Индексы других классификаций __
a Классификационный индекс 85.153(2)6-8
801 Источник записи _0
a Страна RU
b Организация Муниципальное бюджетное учреждение культуры "Централизованная библиотечная система" г. Сургут (Центральная городская библиотека им. А. С. Пушкина)
g Правила каталогизации КиК/Уланова
801 Источник записи _1
a Страна RU
b Организация Муниципальное бюджетное учреждение культуры "Централизованная библиотечная система" г. Сургут (Центральная городская библиотека им. А. С. Пушкина)
g Правила каталогизации КиК/Уланова
852 Данные о местонахождении __
j Шифр хранения 85.153(2)6-8
c Каталожный индекс 85.153(2)6-8
i Авторский знак С 58
p Инвентарный номер Б/Н
901 Тип документа __
t Тип документа m
990 Данные о заказе (DOS) __
j Количество экземпляров (DOS) 1